| 000 -LEADER |
| fixed length control field |
00499nam a22001217a 4500 |
| 040 ## - CATALOGING SOURCE |
| Transcribing agency |
RUA |
| 082 ## - DEWEY DECIMAL CLASSIFICATION NUMBER |
| Classification number |
A105 ប្រាជ្ញ 2015 C160 Or.1 |
| 100 ## - MAIN ENTRY--AUTHOR NAME |
| Personal name |
ប្រាជ្ញ វិជ័យ , ឌុំ ដាវុយ,រស់ សុខលៀង, រស់ សុខឡាង |
| 245 ## - TITLE STATEMENT |
| Title |
១០០រឿងដែលគួរយល់ដឹងពីប្រទេសឡាវ |
| 260 ## - PUBLICATION, DISTRIBUTION, ETC. (IMPRINT) |
| Place of publication |
PHNOM PENH |
| Name of publisher |
RUA |
| Year of publication |
2015 |
| 300 ## - PHYSICAL DESCRIPTION |
| Number of Pages |
184p. |
| Other physical details |
ill. |
| Dimensions |
22cm. |
| 942 ## - ADDED ENTRY ELEMENTS (KOHA) |
| Koha item type |
អភិវឌ្ឍន៍សម្ថភាព |
| 952 ## - LOCATION AND ITEM INFORMATION (KOHA) |
| Withdrawn status [LOCAL, KOHA] |
0 |